000 00312nam a2200121Ia 4500
008 190722s9999 xx 000 0 und d
020 _a978-81-203-4819-6
100 _aPurba Halady Rao
245 0 _aBusiness Analytics an applications focus
260 _aDelhi
_bPHI Learning
_c2014
300 _a238
942 _cBK
999 _c848
_d848